000 00426nam a22001577a 4500
008 160321b xxu||||| |||| 00| 0 eng d
020 _a9780538734271
050 _aQA541.5
_bMIL2009
100 _aMiller, Tyler G.
245 _aEssentials of ecology/
_cBy Tyler G. Miller.
250 _aInternational edition
260 _aAustralia:
_bBrooks/Cole,
_c2009.
300 _axxiii, 563 p.:
650 _aEcology.
942 _2lcc
_cBK
999 _c735
_d735